Tradiciones de Arequipa o recuerdos de antaño / (Record no. 2279)

000 -CABECERA
fixed length control field 00807nam a22002057a 4500
003 - IDENTIFICADOR DEL NÚMERO DE CONTROL
control field AR-CdUCM
008 - DATOS DE LONGITUD FIJA--INFORMACIÓN GENERAL
fixed length control field 190304b ||||| |||| 00| 0 spa d
040 ## - FUENTE DE LA CATALOGACIÓN
Agencia/entidad que catalogó originalmente la obra MUNICIPALIDAD PROVINCIAL DEL CUSCO
Entidad que transcribió la catalogación BIBLIOTECA MUNICIPAL DEL CUSCO
082 ## - NÚMERO DE LA CLASIFICACIÓN DECIMAL DEWEY
No. de la edición 2ed.
No. de Clasificación 869.55 /
Notacion interna C31
100 ## - ENTRADA PRINCIPAL--NOMBRE DE PERSONA
Nombre Personal Cateriano, Mariano Ambrosio
245 ## - MENCIÓN DE TÍTULO
Título Tradiciones de Arequipa o recuerdos de antaño /
260 ## - PUBLICACIÓN, DISTRIBUCIÓN, ETC.
Lugar de publicación, distribución, etc. Lima :
Nombre de la editorial, distribuidor, etc. Studium,
Fecha de publicación, distribución, etc. 1973.
300 ## - DESCRIPCIÓN FÍSICA
Nº de Páginas Extensión 129 páginas ;
Otros detalles físicos Bibliografía: p. 129.
Dimensiones 18 cm.
505 ## - NOTA DE CONTENIDO CON FORMATO
Nota de contenido formateada Introducción por Estuardo Nuñez -- Prólogo -- Dos multas por excomunión -- La plegaria de las diez de la noche -- Las variaciones de doña Ignacia o el que menos corre vuela...
650 ## - PUNTO DE ACCESO ADICIONAL DE MATERIA--TÉRMINO DE MATERIA
Descriptor Tradiciones
9 (RLIN) 229
650 ## - PUNTO DE ACCESO ADICIONAL DE MATERIA--TÉRMINO DE MATERIA
Descriptor Costumbres
9 (RLIN) 230
650 ## - PUNTO DE ACCESO ADICIONAL DE MATERIA--TÉRMINO DE MATERIA
Descriptor Arequipa
9 (RLIN) 1703
942 ## - ELEMENTOS DE PUNTO DE ACCESO ADICIONAL (KOHA)
Fuente de clasificación
Tipo de item Libros-BMC
945 ## - PROCESAMIENTO DE INFORMACIÓN LOCAL (OCLC)
Catalogador dmma
Holdings
Estado de retiro (separado) Fuente de clasificación o esquema de estanterías Estado dañado Ubicación Sala donde se ubica Nombre de la colección Fecha de adquisición o compra Costo, precio normal en soles Signatura topográfica Código de Barras Última vez visto (Koha) Tipo de ítem (Koha)
No     Sala Humanidades Sala Humanidades Book Cart 2019-03-04 20.00 869.55 / C31 SH0000002833 2019-03-04 Libros-BMC

Powered by Koha